[Event "IECG CE.2006.0.00096 email"]
[Site "IECG email"]
[Date "2006.06.21"]
[Round "?"]
[White "Mchale, Ayman"]
[Black "Stringa, Alejandro J"]
[Result "0-1"]
[WhiteElo "1370"]
[BlackElo "1275"]
[PlyCount "36"]
[EventDate "2006.06.21"]
[EventType "tourn (corr)"]
[EventRounds "6"]
[SourceTitle "Corr 2008"]
[Source "ChessBase"]
[SourceDate "2008.06.24"]
[SourceVersion "1"]
[SourceVersionDate "2008.06.24"]
[SourceQuality "1"]

1. e4 e5 2. Nf3 d6 3. d4 Nd7 4. Nc3 Ngf6 5. Bc4 Be7 6. dxe5 Nxe5 7. Nxe5 dxe5 8. Qxd8+ Bxd8 9. f4 exf4 10. Bxf4 Bg4 11. h3 Bh5 12. g4 Bg6 13. 0-0-0 0-0 14. Rhe1 h6 15. e5 Nh7 16. Bg3 Bg5+ 17. Kb1 Rad8 18. Rxd8 Rxd8 0-1